LIBRARY & INFORMATION CENTRE, KCAET, TAVANUR

ONLINE PUBLIC ACCESS CATALOGUE (OPAC)

essay on Maxian Economics (Record no. 11169)

MARC details
000 -LEADER
fixed length control field 00317cam a2200145ua 4500
041 ## - LANGUAGE CODE
Language code of text/sound track or separate title eng
082 ## - DEWEY DECIMAL CLASSIFICATION NUMBER
Classification number 335.4
Item number ROB/ES
100 ## - MAIN ENTRY--AUTHOR NAME
Personal name Robinson, John .
245 ## - TITLE STATEMENT
Title essay on Maxian Economics
260 ## - PUBLICATION, DISTRIBUTION, ETC. (IMPRINT)
Place of publication :
Name of publisher Macmillian &coLtd ,
Year of publication 1964.
300 ## - PHYSICAL DESCRIPTION
Number of Pages ; .
942 ## - ADDED ENTRY ELEMENTS (KOHA)
Koha item type Books
Holdings
Withdrawn status Lost status Damaged status Home library Current library Date acquired Full call number Accession Number Koha item type
Withdrawn     KAUAET Sanskrit University 07/04/2012 335.4 10489 Books
free website counter